| 000 | 00489pab a2200169 454500 | ||
|---|---|---|---|
| 008 | 180718b1985 xxu||||| |||| 00| 0 eng d | ||
| 100 | _aRajbhandari, Achyut B. | ||
| 245 |
_aEmployee motivation _bA function of supervision and performance evaluation |
||
| 260 | _c1985 | ||
| 300 | _a41-57 | ||
| 362 | _aNov. | ||
| 650 | _aMotivation | ||
| 700 | _aDinesh P. Pant | ||
| 700 | _aTulsi Narayan shrestha | ||
| 773 | _aPrashasan (Nepalese Journal of Public Administration) | ||
| 909 | _a13761 | ||
| 999 |
_c13761 _d13761 |
||